| 000 | 01311nam a2200277 a 4500 | ||
|---|---|---|---|
| 001 | BRCA_4934 | ||
| 005 | 20190320204851.0 | ||
| 008 | 211010s1820----mx-#######---#000-0#spa-# | ||
| 041 | _aspa | ||
| 044 | _amx | ||
| 084 |
_aDOC24 _b.R85 _c1820 |
||
| 100 | 1 |
_aRuíz de Apodaca, Juan, _cConde del Venadito, _d1754-1835 _912525 |
|
| 245 | 1 | 0 |
_aDocumento firmado por el Virrey Don Juan Ruíz de Apodaca _cJuan Ruíz de Apodaca. |
| 260 |
_aMéxico _c1820 |
||
| 300 |
_a[4] fojas _c21 x 15 cm. |
||
| 500 | _aDocumento firmado el 30 de octubre de 1820. | ||
| 500 | _aDocumento firmado por el Conde de Venadito, dirigido al señor Contador encargado de la administración de la Aduana de México, informándole sobre la forma en que deben hacerse los pagos de los efectos mercantiles que se introduzcan en dicha Aduana. | ||
| 500 | _aEl documento contiene la leyenda DOC. #33. | ||
| 500 | _aEstado de conservación: contiene acidez en gran parte del documento. | ||
| 506 | 0 | _aFondo Reservado. Para su consulta es necesario credencial de usuario y carta de motivos. | |
| 546 | _aTexto en: español de principios del siglo XIX. | ||
| 600 | 1 | 4 |
_aRuíz de Apodaca, Juan, _cConde del Venadito _d1754-1835 _xHistoria _912526 |
| 651 | 4 |
_aMéxico _xHistoria _yColonia, 1521-1821 _912461 |
|
| 902 | _aFDH | ||
| 942 |
_2lcc _cD |
||
| 999 |
_c4628 _d4628 |
||